QUEST Central Library Banner

Microsoft Excel Function and Macros (Record no. 9288)

MARC details
000 -LEADER
fixed length control field 00234nam a2200109 4500
082 ## - DEWEY DECIMAL CLASSIFICATION NUMBER
Classification number MIC
100 ## - MAIN ENTRY--AUTHOR NAME
Personal name Microsoft
245 ## - TITLE STATEMENT
Title Microsoft Excel Function and Macros
260 ## - PUBLICATION, DISTRIBUTION, ETC. (IMPRINT)
Place of publication USA:
Name of publisher Microsoft,
Year of publication 1993.
300 ## - PHYSICAL DESCRIPTION
Number of Pages 317p. ;
942 ## - ADDED ENTRY ELEMENTS (KOHA)
Koha item type Books
Holdings
Withdrawn status Lost status Home library Current library Date acquired Cost, normal purchase price Full call number Accession Number Koha item type
    Central Library, QUEST, Nawabshah Stacks area 28/08/2014 475.00 MIC 18998 Books

Copyright © 2018,The QUEST, Nawabshah, Shaheed Benazirabad. All rights reserved
Mr. G. Farooq Channar (Librarian) QUEST, Nawabshah, Sindh, Pakistan 67480.
 Ph#: |   0244-9370381-4 Ext. 2308   Email| lib@quest.edu.pk   Web|  http://www.quest.edu.pk